| 000 | 01067cam a2200289 i 4500 | ||
|---|---|---|---|
| 001 | ‡25432 | ||
| 003 | Mx-PuUPA | ||
| 005 | 20251003091853.0 | ||
| 008 | 140415s2008 él fr 000 0 eng d | ||
| 020 | _a9788820980825 | ||
| 040 |
_cMx-PuUPA _aMx-PuUPA _bspa _dMx-PuUPA _erda |
||
| 041 | 0 | _aeng | |
| 111 | 2 |
_aProceedings of the workshop at the Domus Sanctae Marthae _d(April 7-8, 2006 _cVatican City) |
|
| 245 | 1 | 4 |
_aThe relationship between science and aphilosophy : _bnew opportunities for a fruitful dialogue / _cEdited by Gennaro Auletta |
| 264 | 1 |
_aVaticano City : _bLibreria Editrice Vaticana, _c©2008 |
|
| 300 |
_a213 páginas : _bdiagramas ; _c24 cm |
||
| 336 |
_2rdacontent _atexto _btxt |
||
| 337 |
_2rdamedia _asin medio _bn |
||
| 338 |
_2rdacarrier _avolumen _bnc |
||
| 490 | 0 |
_aThe STOQ Project Research Series ; _v6 |
|
| 650 | 7 |
_2armarc _aFilosofía y ciencia _vConferencias |
|
| 700 | 1 |
_aAuletta, Gennaro, _d1957- _eeditor _917534 |
|
| 942 |
_2ddc _cLI _h501 _iR38 |
||
| 999 |
_c25432 _d25432 |
||